000 00321nam a22001457a 4500
008 221122b ||||| |||| 00| 0 eng d
020 _a9781133943389
041 _aeng
080 _212 EDITION
_a159.9
082 _a159.9 CRO
100 _a25
101 _aPSI
245 _aOUR SEXUALITY
_cCROOKS R
942 _2udc
_cBK
999 _c59000
_d59000